9 things successful people do differently

Take your cues from the short, powerful 9 Things Successful People Do Differently, where the strategies and goals of the world’s most successful people are on display—backed by research that shows exactly what has the biggest impact on performance. Here’s a hint: accomplished people reach their goal...

Descripción completa

Guardado en:
Detalles Bibliográficos
Autor principal: Halvorson, Heidi Halvorson
Formato: Libro
Lenguaje:Undetermined
Publicado: Boston, Mass. Harvard Business Review Press 2012
Materias:
Etiquetas: Agregar Etiqueta
Sin Etiquetas, Sea el primero en etiquetar este registro!
Thư viện lưu trữ: Trung tâm Học liệu Trường Đại học Cần Thơ
LEADER 00925nam a2200193Ia 4500
001 CTU_231383
008 210402s9999 xx 000 0 und d
082 |a 158.1 
082 |b H197 
100 |a Halvorson, Heidi Halvorson 
245 0 |a 9 things successful people do differently 
245 0 |c Heidi Grant Halvorson 
260 |a Boston, Mass. 
260 |b Harvard Business Review Press 
260 |c 2012 
520 |a Take your cues from the short, powerful 9 Things Successful People Do Differently, where the strategies and goals of the world’s most successful people are on display—backed by research that shows exactly what has the biggest impact on performance. Here’s a hint: accomplished people reach their goals because of what they do, not just who they are. 
650 |a Mục tiêu (tâm lý học),Goal (psychology) 
910 |b dqhieu 
980 |a Trung tâm Học liệu Trường Đại học Cần Thơ